Loading...

Die Kunst der Gesellschaft

Saved in:
Bibliographic Details
Main Author: Luhmann, Niklas (Author)
Document Type: Book
Language:German
Published: Frankfurt am Main : Suhrkamp , 2007
Edition:1. Aufl., [Nachdr.]
Series:Suhrkamp-Taschenbuch Wissenschaft 1303
Subjects:
Online Access:Inhaltsverzeichnis
Author Notes:Niklas Luhmann
LEADER 02632cam a2200541 c 4500
001 1618473921
003 DE-627
005 20220615123101.0
007 tu
008 090313s2007 xx ||||| 00| ||ger c
020 |a 9783518289037  |9 978-3-518-28903-7 
020 |a 3518289039  |9 3-518-28903-9 
035 |a (DE-627)1618473921 
035 |a (DE-603)230732593 
035 |a (DE-576)304193925 
035 |a (DE-599)BVBBV023063938 
035 |a (OCoLC)551356251 
040 |a DE-627  |b ger  |c DE-627  |e rakwb 
041 |a ger 
084 |a 9,11  |2 ssgn 
084 |a MS 8000  |2 rvk  |0 (DE-625)rvk/123806: 
084 |a CI 3824  |2 rvk  |0 (DE-625)rvk/18423:11603 
084 |a MR 5400  |2 rvk  |0 (DE-625)rvk/123516: 
100 1 |a Luhmann, Niklas  |d 1927-1998  |0 (DE-588)118575147  |0 (DE-627)060244801  |0 (DE-576)16205579X  |4 aut 
245 1 4 |a Die Kunst der Gesellschaft  |c Niklas Luhmann 
250 |a 1. Aufl., [Nachdr.] 
264 1 |a Frankfurt am Main  |b Suhrkamp  |c 2007 
300 |a 517 S. 
336 |a Text  |b txt  |2 rdacontent 
337 |a ohne Hilfsmittel zu benutzen  |b n  |2 rdamedia 
338 |a Band  |b nc  |2 rdacarrier 
490 0 |a Suhrkamp-Taschenbuch Wissenschaft  |v 1303 
583 1 |a Archivierung prüfen  |c 20200919  |f DE-640  |z 1  |2 pdager 
650 0 7 |0 (DE-588)4033673-6  |0 (DE-627)106256300  |0 (DE-576)209003073  |a Kunstsoziologie  |2 gnd 
689 0 0 |d s  |0 (DE-588)4033673-6  |0 (DE-627)106256300  |0 (DE-576)209003073  |a Kunstsoziologie  |2 gnd 
689 0 |5 DE-101 
856 4 2 |u http://scans.hebis.de/HEBCGI/show.pl?23073259_toc.pdf  |m V:DE-603;B:DE-2177  |q application/pdf  |3 Inhaltsverzeichnis  |7 1 
889 |w (DE-627)1958006149 
935 |h HEB  |i 0501 
935 |h HEB  |i 0503 
936 r v |a MS 8000  |b Allgemeine Abhandlungen, Künstler etc.  |k Soziologie  |k Spezielle Soziologien  |k Kunstsoziologie  |k Allgemeine Abhandlungen, Künstler etc.  |0 (DE-627)1270989200  |0 (DE-625)rvk/123806:  |0 (DE-576)200989200 
936 r v |a CI 3824  |b Einzelschriften  |k Philosophie  |k Geschichte der Philosophie  |k Geschichte der Philosophie des Abendlandes von Antike bis 20. Jahrhundert  |k Philosophie des 20. Jahrhunderts  |k Deutschland und deutschsprachige Länder  |k Autoren  |k Autoren L  |k Luhmann, Niklas  |k Einzelschriften  |0 (DE-627)1346190240  |0 (DE-625)rvk/18423:11603  |0 (DE-576)276190246 
936 r v |a MR 5400  |b Formalisierte (Modell-)Theorien, Systemtheorien  |k Soziologie  |k Sozialwissenschaftliche Theorien und Methoden  |k Jüngere soziologische Theorie  |k Formalisierte (Modell-)Theorien, Systemtheorien  |0 (DE-627)1271142074  |0 (DE-625)rvk/123516:  |0 (DE-576)201142074 
936 s n |a c100  |2 mzub 
936 s n |a m200  |2 mzub 
951 |a BO 
990 |a Kunstsoziologie 
999 |a KXP-PPN1618473921  |e 3216681181